000 00677nam a22002177a 4500
003 OSt
005 20251105012617.0
008 251105b |||||||| |||| 00| 0 eng d
020 _a 978-981-275-184-3
040 _aDWCL-Admin lib
_cOC
082 _aRes. 641.87 D262b 2010
100 _aDavis, Jenni
245 _aThe best cocktails in the world and how to mix them for maximum enjoyment /
_cJenni Davis
260 _aSingapore:
_bPage One Pub. , Pte Ltd. ,
_cc2010.
300 _a192 p. : col. ill. ;
_c21 cm.
504 _aIncludes index.
650 _a1. Alcoholic. beverages
650 _a2. Beverages.
650 _a3. Cocktails.
942 _2ddc
_cBK-0 CIRC
_kRes.
_n0
999 _c5455
_d5455